Quan điểm và nguyên tắc đổi mới hệ thống chính trị ở Việt Nam giai đoạn 2005 - 2020
phân tích, làm rõ tính tất yếu khách quan của việc đổi mới hệ thống chính trị ở nước ta hiện nay. nêu ra các mục tiêu, quan điểm và nguyên tắc đổi mới hệ thống chính trị; đồng thời đề xuất phương hướng và các giải pháp đổi mới he...
Guardat en:
| Autor principal: | |
|---|---|
| Format: | Llibre |
| Idioma: | Undetermined |
| Publicat: |
Hà Nội
Chính trị Quốc gia
2008
|
| Matèries: | |
| Etiquetes: |
Afegir etiqueta
Sense etiquetes, Sigues el primer a etiquetar aquest registre!
|
| Thư viện lưu trữ: | Trung tâm Học liệu Trường Đại học Cần Thơ |
|---|
| LEADER | 01175nam a2200205Ia 4500 | ||
|---|---|---|---|
| 001 | CTU_148338 | ||
| 008 | 210402s9999 xx 000 0 und d | ||
| 020 | |c 33000 | ||
| 082 | |a 320.01 | ||
| 082 | |b H406 | ||
| 100 | |a Trần, Đình Hoan | ||
| 245 | 0 | |a Quan điểm và nguyên tắc đổi mới hệ thống chính trị ở Việt Nam giai đoạn 2005 - 2020 | |
| 245 | 0 | |c Trần Đình Hoan (chủ biên); Nguyễn Hoàng Lương ... [et. al] | |
| 260 | |a Hà Nội | ||
| 260 | |b Chính trị Quốc gia | ||
| 260 | |c 2008 | ||
| 520 | |a phân tích, làm rõ tính tất yếu khách quan của việc đổi mới hệ thống chính trị ở nước ta hiện nay. nêu ra các mục tiêu, quan điểm và nguyên tắc đổi mới hệ thống chính trị; đồng thời đề xuất phương hướng và các giải pháp đổi mới hệ thống chính trị ở việt Nam giai đoạn 2005 - 2020. | ||
| 650 | |a Political science,Khoa học chính trị | ||
| 904 | |i Nguyên | ||
| 980 | |a Trung tâm Học liệu Trường Đại học Cần Thơ | ||